Chemical engineering plant design (Record no. 18678)

000 -LEADER
fixed length control field 00563nam a22002051 4500
001 - CONTROL NUMBER
control field 18678
003 - CONTROL NUMBER IDENTIFIER
control field BD-DhUET
008 - FIXED-LENGTH DATA ELEMENTS--GENERAL INFORMATION
fixed length control field 840411s1959 nyua 000 0 eng
040 ## - CATALOGING SOURCE
Original cataloging agency DLC/ICU
Transcribing agency ICU
Modifying agency BD-DhUET
082 00 - DEWEY DECIMAL CLASSIFICATION NUMBER
Classification number 660.28
Item number VIL/1959
100 1# - MAIN ENTRY--PERSONAL NAME
Personal name Vilbrandt, Frank C.
245 10 - TITLE STATEMENT
Title Chemical engineering plant design
250 ## - EDITION STATEMENT
Edition statement 4th ed.
260 ## - PUBLICATION, DISTRIBUTION, ETC. (IMPRINT)
Place of publication, distribution, etc. New York
Name of publisher, distributor, etc. McGraw-Hill
Date of publication, distribution, etc. 1959
300 ## - PHYSICAL DESCRIPTION
Extent 534 p.
Other physical details illus.
Dimensions 24 cm.
490 0# - SERIES STATEMENT
Series statement McGraw-Hill series in chemical engineering
650 #0 - SUBJECT ADDED ENTRY--TOPICAL TERM
Topical term or geographic name as entry element Chemical engineering
700 ## - ADDED ENTRY--PERSONAL NAME
Personal name Dryden, Charles E.
942 ## - ADDED ENTRY ELEMENTS (KOHA)
Koha item type General Book
Holdings
Price effective from Date acquired Source of classification or shelving scheme Lost status Damaged status Koha normalized classification for sorting Shelving location Sublocation or collection (holding branch) Copy number Withdrawn status Koha item type Koha date last seen Koha full call number Piece designation (barcode) Not for loan Location (home branch)
2015-03-312015-03-31   660_280000000000000_VIL_1959Circulation sectionCentral Library, BUET1 General Book2015-03-31660.28/VIL/195916370 Central Library, BUET
2015-03-312015-03-31   660_280000000000000_VIL_1959Circulation sectionCentral Library, BUET2 General Book2015-03-31660.28/VIL/195924467 Central Library, BUET
2015-03-312015-03-31   660_280000000000000_VIL_1959Circulation sectionCentral Library, BUET3 Contented Book 2015-03-31660.28/VIL/195924468 Central Library, BUET
2015-03-312015-03-31   660_280000000000000_VIL_1959Circulation sectionCentral Library, BUET4 General Book2015-03-31660.28/VIL/195916369 Central Library, BUET
2015-05-142015-05-14   660_280000000000000_VIL_1959Circulation sectionCentral Library, BUET5 General Book2015-05-14660.28/VIL/19591060 Central Library, BUET
2015-05-142015-05-14   660_280000000000000_VIL_1959Circulation sectionCentral Library, BUET6 General Book2015-05-14660.28/VIL/195911229 Central Library, BUET
2015-06-182015-06-18   660_280000000000000_VIL_1959Reading sectionCentral Library, BUET7 Reading Item2015-06-18660.28/VIL/195911231 Central Library, BUET